Statistics for 10 Funny Shaped Islands

Click here to take the quiz!

General Stats

  • This quiz has been taken 33 times
  • The average score is 3 of 10

Answer Stats

Answer % Correct
Trinidad and Tobago
83%
The big Island/Hawaiʻi
80%
Sulawesi
77%
Tahiti
53%
Åland
30%
Belcher Islands
7%
Auckland Islands
7%
Qeshm/Kishm
7%
Hiva Oa
0%
Manukan (bottom), Mamutik (top left), Sulug (top right) islands
0%

Score Distribution

Percentile by Number Answered

Percent of People with Each Score

Your Score History

You have not taken this quiz